000 00612nam a22001697a 4500
999 _c60775
_d60775
005 20231020102856.0
008 231020s1973 ru ||||| |||| 00| 0 rus d
041 _arus
080 _a930(075.8) П-81
100 _aПронштейн, А. П.
_920153
245 _aВспомогательные исторические дисциплины /
_c А. П. Пронштейн, В. Я. Кияшко.
264 _aМосква :
_bПросвещение,
_c1973.
300 _a112 с.;
_b22 cm.
653 _aისტორია
700 _aКияшко, В. Я.
_eავტორი
_920154
942 _2udc
_cBK